000
00207nam a2200097Ia 4500
008
190216s9999||||xx |||||||||||||| ||und||
100
_a
Prof.K C Peeter
245
0
_a
Kadalmuthu
260
_b
Null
942
_c
BK
999
_c
24450
_d
24450